UK Hit Singles of 1963 - Name The Artist (UK and U.S. Artists) - Statistics

General Stats
  • This quiz has been taken 48 times
  • The average score is 6 of 20
Answer Stats
Song Title Artist % Correct
I Want To Hold Your Hand Beatles
100%
Big Girls Don't Cry Four Seasons
68%
It's My Party Lesley Gore
58%
Wipe Out Surfaris
39%
You Were Made For Me Freddie and the Dreamers
37%
I Like It Gerry and the Pacemakers
34%
In Dreams Roy Orbison
34%
Come On Rolling Stones
32%
Can't Get Used To Losing You Andy Williams
29%
He's So Fine Chiffons
26%
Foot Tapper Shadows
26%
Lucky Lips Cliff Richard
21%
Then He Kissed Me Crystals
21%
The Night Has A Thousand Eyes Bobby Vee
18%
Another Saturday Night Sam Cooke
13%
Rhythm Of The Rain Cascades
11%
Pipeline Chantays
8%
Walk Right In Rooftop Singers
8%
Mr Bass Man Johnny Cymbal
3%
Saturday Night At The Duck Pond Cougars
0%
No matching quizzes found
Score Distribution
Percent of People with Each Score
Percentile by Number Answered
Your Score History
You have not taken this quiz